00222nam a2200085Ia 4500001000800000005001700008008004100025245004100066260002900107122048220250827092811.0250824s9999 xx 000 0 und d 0aÖLÜMLÜ NESNELERcJOSE SARAMAGO bKIRMIZI KEDİ YAYINLARI